000 00938nam a2200277Ia 4500
003 OSt
005 20221005104233.0
006 a|||||r|||| 00| 0
007 ta
008 221004b |||||||| |||| 00| 0 san d
020 _a8171104843
_c80
024 _a15146
037 _b164, 14/08/2014, Vidyanidhi Prakashan
_cTextual
040 _aCRL
_cCRL
_bsan
041 _2san
_asan
082 _aQ125:4x3,1, 152Q4
100 _aउमेश सिंह
245 0 _aरत्नप्रदीपिका
246 _aRatnapradīpikā
260 _aदिल्ली
_bपरिमल पब्लिकेशन्स भारत
_c2014
300 _a44पृ0
_ccm.
490 _aपरिमल संस्कृत; सं. 137
650 _aधर्म
942 _hQ125:4x3,1, 152Q4
_cTEXL
_2cc
999 _c1012101
_d1012101